La compo de l'ASM Clermont contre Perpignan en 2010 - Statistiques

Statistiques générales
  • Ce quiz a été pris 178 fois
  • Le résultat moyen est 11 sur 16
Statistiques - réponses
Indice Réponse % Correct
N°9 - Français Morgan Parra
98%
N°13 - Français Aurélien Rougerie
97%
N°10 - Australien Brock James
94%
N°4 - Canadien Jamie Cudmore
86%
N°14 - Fidjien Napolioni Nalaga
85%
Entraineur - Néo-Zélandais Vern Cotter
81%
N°6 - Français Julien Bonnaire
72%
N°2 - Argentine Mario Ledesma
69%
N°1 - Français Thomas Domingo
66%
N°11 - Français Julien Malzieu
65%
N°15 - Français Anthony Floch
61%
N°8 - Français Elvis Vermeulen
54%
N°7 - Français Alexandre Lapandry
53%
N°3 - Argentin Martin Scelzo
52%
N°12 - Sud-Africain Marius Joubert
45%
N°5 - Français Thibaut Privat
44%
Aucun quiz correspondant
Distribution des résultats
% des personnes avec chaque résultat
Percentile par nombre de réponses
Votre historique - résultats
Vous n’avez pas pris ce quiz